000 00575nam a2200193Ia 4500
003 GCL
008 140319s9999 xx 000 0 ara d
040 _aGCL /
_cGCL
082 0 4 _a920
_bر ا
100 1 _aجورباتشوف , رايسا
245 1 0 _aاملى /
_cجورباتشوف , رايسا
260 _aالقاهرة :
_bمطابع الاهرام ،
_c1991
300 _a179 ص ؛
_c22 سم
650 0 4 _aالمذكرات
650 0 4 _aالتراجم الذاتية
650 0 4 _aرؤساء الجمهورية
650 0 4 _aجورباتشوف
942 _2ddc
_cBK
999 _c517
_d517